Devinez la Capitale Mystère #56 - Statistiques

Statistiques générales
  • Ce quiz a été pris 161 fois
  • Le résultat moyen est 27 sur 34
Statistiques - réponses
Type de Réponse Réponse % Correct
Lettre de l'Alphabet S
100%
Lettre Trouvée A
99%
Lettre de l'Alphabet N
99%
Lettre Bien Placée A
98%
Lettre de l'Alphabet E
98%
Lettre de l'Alphabet I
98%
Lettre de l'Alphabet O
98%
Lettre de l'Alphabet R
98%
Lettre de l'Alphabet B
96%
Lettre Trouvée L
96%
Lettre Trouvée M
94%
Lettre Trouvée P
94%
Lettre de l'Alphabet T
92%
Lettre de l'Alphabet D
91%
Lettre de l'Alphabet U
89%
Lettre de l'Alphabet C
85%
Lettre de l'Alphabet G
85%
Lettre Trouvée K
85%
Lettre de l'Alphabet H
80%
Lettre de l'Alphabet V
75%
Lettre de l'Alphabet W
75%
Lettre Bien Placée A
71%
Lettre Bien Placée L
71%
Lettre de l'Alphabet X
67%
Lettre Bien Placée A
66%
Lettre Bien Placée M
66%
Lettre de l'Alphabet Y
66%
Lettre de l'Alphabet J
64%
Lettre de l'Alphabet Z
61%
Lettre Bien Placée K
60%
Lettre de l'Alphabet F
56%
Lettre de l'Alphabet Q
55%
Lettre Bien Placée P
52%
Capitale Mystère Kampala
51%
Aucun quiz correspondant
Distribution des résultats
% des personnes avec chaque résultat
Percentile par nombre de réponses
Votre historique - résultats
Vous n’avez pas pris ce quiz